000 01144nam a2200289Ia 4500
008 130821s2004 ck a gr spa
020 _a9586824748
040 _aCo-BoUCM
_bspa
041 0 0 _aspa
100 1 _aMokate, Karen Marie
245 1 0 _aEvaluación financiera de proyectos de inversión
_cKaren Marie Mokate ; con la colaboración de Adriana Cuervo de Forero y Hernán Eduardo Vallejo
250 _a2a. ed.
260 _aBogotá (Colombia)
_bAlfaomega
_c2004
300 _a312 páginas
_bcuadros, gráficas
504 _aIncluye bibliografía.
650 0 4 _aAdministración de proyectos
_vEvaluación
_98567
650 0 4 _aEvaluación de proyectos
_915321
650 0 4 _aFinanzas
_97628
650 0 4 _aFomento de inversiones
_916003
650 0 4 _aInversiones
_vEvaluación
_917948
650 0 4 _aProyectos de inversión
_vEvaluación
_922710
700 1 _aCuervo de Forero, Adriana
700 1 _aVallejo, Hernán Eduardo
710 1 _aUniversidad de Los Andes.
_bFacultad de Economía.
_bCentro de Estudios sobre Desarrollo Económico. CEDE
942 _cLIBRO
_a7
_e2
_mM716e
_2DEWEY
_h332.6
999 _c61198
_d61198